| 000 | 00467nam a2200133 a 4500 | ||
|---|---|---|---|
| 001 | 000040226 | ||
| 005 | 20201002034008.0 | ||
| 008 | 130819s1967 ve 000 0 spa d | ||
| 040 |
_aDO-SdBNP _bspa _cBNPHU |
||
| 100 | 1 |
_aSubero, Efrain _d1931- _98785 |
|
| 245 | 1 | 0 |
_aPoesía infantil venezola / _cEfrain Subero. |
| 260 |
_aCaracas : _bComisión Nacional del Cuatricentenario de la Fundación de Caracas : _bComité de Obras Culturales, _c1967. |
||
| 300 |
_a321 p. ; _c24 cm. |
||
| 999 |
_c39716 _d39716 |
||